00346nam a2200145Ia 4500008004100000020001500041041001200056082001600068100001500084245003700099260002500136300000800161650001400169700001700183221030s9999 xx 000 0 und d a0070447098 aEnglish a105.23bWev aP. Weverka 4aThe Complete Reference Word 2002 bTMHaNew Delhic2001 a955 aComputers aD. Porremsky